Statistiques concernant Culture Générale - Série 1334

Cliquez ici pour prendre le quiz!

Statistiques générales

  • Ce quiz a été pris 35 fois
  • Le résultat moyen est 3 sur 10

Statistiques - réponses

QuestionRéponse% Correct
Quelle plante est appelée aussi "dent-de-lion" ?pissenlit
59%
Sous quel nom connait-on mieux Aurore Dupin, baronne Dudevant ?George Sand
56%
Quel nom donne-t-on à une moitié d'abricot dénoyauté ?oreillon
47%
Complétez le titre du film de 1960 qui raconte la mort tragique des sœurs d'un couvent pendant la révolution française, "Le dialogue des ...Carmélites
38%
Quel arme ressemblant à un javelot associe-t-on généralement aux légions romaines ?pilum
28%
"L'existentialisme est un humanisme" est un ouvrage philosophique de ...Jean-Paul Sartre
22%
Comment appelle-t-on une habitation polynésienne traditionnelle ?fare
16%
Qu'est-ce qu'un sipo ?arbre
9%
Quel philosophe, vers 1500, a écrit "les Adages" et "le Manuel du soldat chrétien"Erasme
9%
Quel adjectif invariable désigne une préparation pharmaceutique renfermant divers ingrédients dont des roses rouges. Cet adjectif est associé à une pommade pour les lèvres.rosat
3%

Distribution des résultats

Percentile par nombre de réponses

% des personnes avec chaque résultat

Votre développement - résultats

Vous n’avez pas pris ce quiz